000 00789nam a2200277Ia 4500
005 20260324125056.0
008 008 260324s9999 xx 000 0 eng d
020 _a9780429165788
037 _aEBOOK
040 _aCRL
040 _beng
040 _cCRL
041 _2eng
041 _aeng
084 _qCRL
100 _aDawn Stretton Maycock; Peter Matthiessen; Mark Crane; Graham Merrington; Paul Whitehouse
_91176595
245 0 _aDerivation and Use of Environmental Quality and Human Health Standards for Chemical Substances in Water and Soil
260 _bTaylor and Francis
260 _c2009
365 _a
365 _b340
856 _uhttp://www.taylorfrancis.com/books/9780429165788
942 _cEBOOK
999 _c1771535
_d1771535